El intruso /

Guardado en:
Autor Principal: Conrad, Joseph
Otros Autores: Ramírez, Claudio, il., Cascioli, Mauro, il.
Formato: Libro
Publicado: Buenos Aires : La Nación
Series:Libros ilustrados
Materias:
Etiquetas: Agregar Etiqueta
Sin Etiquetas, Sea el primero en etiquetar este registro!
LEADER 00635nam a22002175a 4500
001 CEM.cems012675
005 20070821161512.0
008 130507b######################000#0#####d
003 CEMS
082 0 4 |a F800 
100 1 |a Conrad, Joseph 
245 1 0 |a El intruso /  |c Joseph Conrad ; ilustraciones de Claudio Ramírez y Mauro Cascioli 
260 |a Buenos Aires :  |b La Nación 
300 |a 33 p. 
490 0 |a Libros ilustrados 
653 |a Literatura 
653 |a Literatura inglesa 
653 |a Novelas 
700 1 |a Ramírez, Claudio, il. 
700 1 |a Cascioli, Mauro, il. 
859 |a CEMS  |b BIB. CEMS - 11 de abril  |h F800  |i 36-5  |p 2151.44  |t Ej.1